00373nam a2200145Ia 4500008004100000020001500041082001500056100001800071245001900089250001200108260005400120300001200174700002000186700002100206161229s9999 xx 000 0 und d a0538881801 a380 COY/TR aCoyle, John J aTransportation a5th ed. bSouth-western college publishingaAustraliac2000 axv, 512 aBardi, Edward J aNovack, Robert A